Najwyższe budynki w Warszawie - Statystyki

Ogólne statystyki
  • Ten quiz został rozwiązany 273 razy
  • Średni wynik to 4 z 15
Statystyki odpowiedzi
Wysokość m Budynek % Poprawnych
237 Pałac Kultury i Nauki
100%
192 Złota 44
51%
220 Warsaw Spire
43%
164 InterContinental Warszawa
30%
170 Centrum LIM
29%
195 Q22
26%
192 Rondo 1
23%
208 Warsaw Trade Tower
20%
160 Cosmopolitan Twarda 2/4
14%
138 Intraco I
14%
165 Warsaw Financial Center
11%
120 Błękitny Wieżowiec
9%
150 Oxford Tower
9%
120 Łucka City
5%
128 Spektrum
4%
Nie znaleziono quizów pasujących do podanych kryteriów
Rozkład punktacji
Procent ludzi z każdym wynikiem
Percentyl według liczby udzielonych odpowiedzi
Twoja historia wyników
Nie rozwiązałeś tego quizu